|
|
|
|
| LEADER |
00623nta a2200181 i 4500 |
| 001 |
dokt3831 |
| 005 |
20240903112352.0 |
| 008 |
170215s1986 hu om 000 hun d |
| 040 |
|
|
|a SZTE Doktori Repozitórium
|b hun
|
| 041 |
|
|
|a hun
|
| 100 |
1 |
|
|a Oláh Jánosné
|
| 245 |
1 |
2 |
|a A tolsztoji pedagógia mai érvénye
|h [elektronikus dokumentum] /
|c Oláh Jánosné
|
| 260 |
|
|
|c 1986
|
| 502 |
|
|
|a Disszertacio
|
| 650 |
|
4 |
|a irodalom- és kultúra tudományok
|
| 650 |
|
4 |
|a Általános irodalomtudományok
|
| 700 |
0 |
1 |
|a Nincs megadva
|e ths
|
| 856 |
4 |
0 |
|u https://doktori.bibl.u-szeged.hu/id/eprint/3831/1/1986_olah_janosne.pdf
|z Dokumentum-elérés
|